000 00347nam a2200145Ia 4500
008 210716s1987 xx 000 0 und d
041 _aeng
082 _a005.362 JAGV
100 _aJaggi, V P;Jain, Sushma.
245 _aBsic for beginners.
250 _a1
260 _aNew Delhi
_bAcademic Press
_c1987
300 _aiiv,266
650 _aNone
999 _c180881
_d180881